00779nam a2200157 a 4500008004100000050002600041110006000067245014900127260004100276300002000317500003600337650002600373995007700399999001700476952012800493150508s1992 ||||||||||||||||| || u aGOV.ZAM(05)PD/1992/92 aGovernment of the Republic of Zambia. National Assembly10aOfficial verbatim report of the parliamentary debates of the first session (resumed) of the seventh National AssemblycBy the Natiional Assembly aLusaka:bThe National Assemblyc1992 avarious pagings a27th October- 4th November 1992 aPARLIAMENTARY DEBATES FCBU-MAIN LIBRARY (Kitwe)M1UAVAILABLEWMay 8, 2015ZZambiana Collection c52533d52533 00102lcc4070a001b001cZambiana Collectiond2022-11-30l0oGOV.ZAM(05)PD/1992/92p03005240r2022-11-30w2022-11-30y002